000 01129nam0a22002771 4500
001 rc\3625890
005 20260407105522.0
021 _aRU
_b[69-71445]
035 _a(NLR Aleph) 007822802
090 _a7749386
_c7749386
100 _a20130115d1969 |||y0rusy50 ca
101 0 _arus
102 _aRU
105 _aa z |||||
200 1 _aМатематические модели и системы регулирования некоторых производственных объектов
_e[Сборник статей
_fОтв. ред. А.И. Егоров]
_gАН Кирг. ССР. Ин-т автоматики
210 _aФрунзе
_cИлим
_d1969
215 _a80 с.
_cчерт.
_d22
320 _aБиблиогр. в конце статей
606 _aАвтоматические системы регулирования
_jСборники
_2psbo
702 1 _aЕгоров
_bА.И.
_4340
712 0 2 _aИнститут автоматики
_cФрунзе
_3RU\NLR\AUTH\889937299
_9369389
801 0 _aRU
_bNLR
_gpsbo
801 1 _aRU
_bELAR
_2rusmarc
852 _aNLR
_j69-6/8290
942 _cBOOK
980 _aNB